[Event "Bastia CC Summer op 9th"]
[Site "Bastia"]
[Date "2011.06.28"]
[Round "4"]
[White "Brunel, Boris"]
[Black "Dellapina, Kevin"]
[Result "1/2-1/2"]
[WhiteElo "1782"]
[BlackElo "1715"]
[PlyCount "100"]
[EventDate "2011.06.23"]
[EventType "swiss"]
[EventRounds "7"]
[EventCountry "FRA"]
[SourceTitle "EXT 2012"]
[Source "ChessBase"]
[SourceDate "2011.11.24"]
[SourceVersion "1"]
[SourceVersionDate "2011.11.24"]
[SourceQuality "1"]

1. d4 Nf6 2. c4 e6 3. Nf3 d5 4. g3 Bb4+ 5. Bd2 Bxd2+ 6. Nbxd2 Nc6 7. Bg2 0-0 8. 0-0 Re8 9. e3 e5 10. cxd5 Nxd5 11. e4 Nf6 12. d5 Nb4 13. a3 Na6 14. Qc2 Bg4 15. h3 Bh5 16. Rac1 Rc8 17. Rfe1 c6 18. dxc6 Rxc6 19. Qa4 Rxc1 20. Rxc1 Bxf3 21. Nxf3 Qb6 22. Qc2 h6 23. Nh4 Nb8 24. Nf5 Kh7 25. b4 g6 26. Ne3 Nc6 27. Qc4 Kg7 28. Nd5 Nxd5 29. exd5 Nd4 30. a4 Qf6 31. Qd3 Qd6 32. b5 Qb4 33. Qc4 Qb2 34. Bf1 Qd2 35. Kg2 h5 36. h4 g5 37. hxg5 h4 38. Qc3 Qxg5 39. Qe3 Qg4 40. Bd3 h3+ 41. Kh1 Nb3 42. Be2 Qxa4 43. Qg5+ Kf8 44. Qh6+ Kg8 45. Rc4 Qa1+ 46. Kh2 Nd4 47. Qg5+ Kf8 48. Qh6+ Kg8 49. Qg5+ Kf8 50. Qh6+ Kg8 1/2-1/2

[Event "Corsica-chT"]
[Site "Ponte Leccia"]
[Date "2010.03.28"]
[Round "1"]
[White "Riedweg, Laetitia"]
[Black "Dellapina, Kevin"]
[Result "0-1"]
[WhiteElo "1499"]
[BlackElo "1550"]
[PlyCount "56"]
[EventDate "2010.03.28"]
[EventType "team-tourn"]
[EventRounds "9"]
[EventCountry "FRA"]
[SourceTitle "EXT 2012"]
[Source "ChessBase"]
[SourceDate "2011.11.24"]
[SourceVersion "1"]
[SourceVersionDate "2011.11.24"]
[SourceQuality "1"]

1. e4 c5 2. Bc4 a6 3. Nf3 Nc6 4. Nc3 e6 5. d4 cxd4 6. Nxd4 Nge7 7. Bf4 g6 8. Nf3 Bg7 9. 0-0 0-0 10. Bd6 Re8 11. Qd2 b5 12. Be2 Bb7 13. Rad1 Qb6 14. Ng5 h6 15. Nf3 Kh7 16. Qf4 Kg8 17. Bxe7 Rxe7 18. e5 Qc5 19. Ne4 Qxc2 20. Bd3 Qxb2 21. Nf6+ Kh8 22. Be4 Rd8 23. Rd6 g5 24. Qg3 Bxf6 25. exf6 Qxf6 26. Qg4 Ne5 27. Nxe5 Qxe5 28. Bxb7 Qxd6 0-1

[Event "Bastia CC Winter op 34th"]
[Site "Bastia"]
[Date "2009.01.24"]
[Round "7"]
[White "Alliot, Kevin"]
[Black "Dellapina, Kevin"]
[Result "1-0"]
[WhiteElo "1748"]
[BlackElo "1519"]
[PlyCount "47"]
[EventDate "2009.01.18"]
[EventType "swiss"]
[EventRounds "7"]
[EventCountry "FRA"]
[SourceTitle "EXT 2010"]
[Source "ChessBase"]
[SourceDate "2010.11.25"]
[SourceVersion "1"]
[SourceVersionDate "2010.11.25"]
[SourceQuality "1"]

1. d4 d5 2. c4 dxc4 3. Nc3 Bd7 4. e4 b5 5. a4 c6 6. Nf3 e6 7. Bd2 Be7 8. b3 b4 9. Na2 c3 10. Be3 Nf6 11. Qc2 0-0 12. Bd3 Na6 13. Bxa6 Qb6 14. Bd3 a5 15. e5 Nd5 16. Bxh7+ Kh8 17. Bd3 Nxe3 18. fxe3 c5 19. 0-0 Rac8 20. Rac1 f6 21. Qf2 cxd4 22. Qh4+ Kg8 23. Qh7+ Kf7 24. Bg6# 1-0

[Event "Corsica CC op 32th"]
[Site "Bastia"]
[Date "2008.11.28"]
[Round "?"]
[White "Leveque, Christophe"]
[Black "Dellapina, Kevin"]
[Result "1/2-1/2"]
[WhiteElo "1583"]
[BlackElo "1594"]
[PlyCount "111"]
[EventDate "2008.11.08"]
[EventType "swiss"]
[EventRounds "5"]
[EventCountry "FRA"]
[SourceTitle "CBM 127 Extra"]
[Source "ChessBase"]
[SourceDate "2009.01.08"]
[SourceVersion "2"]
[SourceVersionDate "2009.01.28"]
[SourceQuality "1"]

1. g3 e5 2. Bg2 Nf6 3. c4 c6 4. Nc3 d5 5. cxd5 Nxd5 6. e4 Nxc3 7. bxc3 Bc5 8. Nf3 Bg4 9. 0-0 Qf6 10. d4 exd4 11. Bg5 Qxg5 12. Nxg5 Bxd1 13. Rfxd1 dxc3 14. Rac1 Bb4 15. Nf3 0-0 16. Nd4 c5 17. Ne2 Na6 18. Nxc3 Bxc3 19. Rxc3 Rad8 20. Rd5 b6 21. Rcd3 Rxd5 22. Rxd5 Nb4 23. Rd7 Nxa2 24. Rxa7 Nb4 25. Rb7 Rc8 26. Rxb6 Nd3 27. Rb3 c4 28. Rc3 Ne5 29. f4 Nd7 30. Bh3 Rc7 31. Bxd7 Rxd7 32. Rxc4 h6 33. Rc1 Rd2 34. e5 Kf8 35. Rf1 Ke7 36. Rf2 Rd1+ 37. Kg2 Ke6 38. g4 g5 39. fxg5 hxg5 40. Rf6+ Kxe5 41. Rxf7 Rd2+ 42. Kg3 Rd3+ 43. Rf3 Rxf3+ 44. Kxf3 Kf6 45. Kg3 Kg6 46. h3 Kh6 47. h4 gxh4+ 48. Kxh4 Kg6 49. g5 Kg7 50. Kh5 Kh7 51. g6+ Kg8 52. Kg5 Kg7 53. Kf5 Kg8 54. Kf6 Kf8 55. g7+ Kg8 56. Kg6 1/2-1/2

[Event "Bastia CC 20 years"]
[Site "Bastia"]
[Date "2008.11.01"]
[Round "?"]
[White "Albert, Ghislaine"]
[Black "Dellapina, Kevin"]
[Result "1-0"]
[WhiteElo "1479"]
[BlackElo "1654"]
[PlyCount "41"]
[EventDate "2008.11.01"]
[EventType "swiss"]
[EventRounds "9"]
[EventCountry "FRA"]
[SourceTitle "CBM 127 Extra"]
[Source "ChessBase"]
[SourceDate "2009.01.08"]
[SourceVersion "2"]
[SourceVersionDate "2009.01.28"]
[SourceQuality "1"]

1. e4 e6 2. d4 d5 3. e5 Nc6 4. c3 f6 5. exf6 Nxf6 6. Bb5 Be7 7. Nf3 0-0 8. 0-0 Bd7 9. Ng5 Ne4 10. Nxh7 Kxh7 11. Qh5+ Kg8 12. f4 Rf5 13. Qg4 Nf6 14. Qh4 Ne4 15. Qg4 e5 16. Rf3 Rxf4 17. Bxf4 Bxg4 18. Rf1 exf4 19. Bxc6 b6 20. Rxf4 Qd7 21. Bxd7 1-0

[Event "Bastia July op"]
[Site "Bastia"]
[Date "2008.07.30"]
[Round "6"]
[White "Dellapina, Kevin"]
[Black "Pietrelle, Christian"]
[Result "1-0"]
[WhiteElo "1654"]
[BlackElo "1240"]
[PlyCount "102"]
[EventDate "2008.07.23"]
[EventType "swiss"]
[EventRounds "7"]
[EventCountry "FRA"]
[SourceTitle "EXT 2010"]
[Source "ChessBase"]
[SourceDate "2010.11.25"]
[SourceVersion "1"]
[SourceVersionDate "2010.11.25"]
[SourceQuality "1"]

1. e4 e5 2. Nf3 Nc6 3. Nc3 Bb4 4. d3 d6 5. Bg5 f6 6. Bd2 Bg4 7. Be2 Nge7 8. 0-0 Qd7 9. h3 Be6 10. Be3 d5 11. exd5 Nxd5 12. Nxd5 Qxd5 13. c3 Bc5 14. Bxc5 Qxc5 15. d4 Qd6 16. dxe5 Qxd1 17. Raxd1 fxe5 18. b3 0-0 19. Bb5 e4 20. Bxc6 exf3 21. Bxf3 Rad8 22. Bxb7 Rxd1 23. Rxd1 c5 24. Bd5 Bxd5 25. Rxd5 Rc8 26. c4 Kf7 27. Rd7+ Kg6 28. Rxa7 Re8 29. Ra6+ Kf7 30. Ra5 Re1+ 31. Kh2 Re5 32. b4 Re4 33. Rxc5 Re2 34. a4 Rxf2 35. a5 Rb2 36. b5 Ke7 37. a6 Ra2 38. b6 Rxa6 39. Rc7+ Kd8 40. c5 Ra8 41. Rxg7 Ra5 42. c6 Ra6 43. b7 Rxc6 44. b8Q+ Rc8 45. Qxc8+ Kxc8 46. Rxh7 Kd8 47. Rd7+ Kxd7 48. g4 Ke7 49. h4 Kf7 50. h5 Kg7 51. g5 Kh7 1-0

[Event "Bastia July op"]
[Site "Bastia"]
[Date "2008.07.25"]
[Round "3"]
[White "Bedini, Lucas"]
[Black "Dellapina, Kevin"]
[Result "0-1"]
[WhiteElo "1610"]
[BlackElo "1654"]
[PlyCount "26"]
[EventDate "2008.07.23"]
[EventType "swiss"]
[EventRounds "7"]
[EventCountry "FRA"]
[SourceTitle "EXT 2010"]
[Source "ChessBase"]
[SourceDate "2010.11.25"]
[SourceVersion "1"]
[SourceVersionDate "2010.11.25"]
[SourceQuality "1"]

1. e4 e5 2. Nf3 Nc6 3. Nc3 Nf6 4. Bb5 d6 5. 0-0 Be7 6. d3 0-0 7. Be3 Bg4 8. Qe2 d5 9. Rad1 d4 10. Nb1 dxe3 11. Qxe3 Bxf3 12. Qxf3 Nd4 13. Qg3 Ne2+ 0-1

[Event "Bastiais Master 6th"]
[Site "Bastia"]
[Date "2007.11.??"]
[Round "?"]
[White "Dellapina, Kevin"]
[Black "Vigna, Rene"]
[Result "1-0"]
[WhiteElo "1320"]
[BlackElo "1570"]
[PlyCount "121"]
[EventDate "2007.11.??"]
[EventType "swiss"]
[EventRounds "9"]
[EventCountry "FRA"]
[SourceTitle "EXT 2009"]
[Source "ChessBase"]
[SourceDate "2008.11.26"]
[SourceVersion "1"]
[SourceVersionDate "2008.11.26"]
[SourceQuality "1"]

1. e4 e6 2. d4 b6 3. Nc3 Bb7 4. e5 Ne7 5. Bg5 d6 6. Bb5+ c6 7. Ba4 b5 8. Bb3 Qd7 9. Qd2 c5 10. exd6 Bxg2 11. dxe7 Bxe7 12. Bxe7 Qxe7 13. Nxb5 a6 14. Nc3 Bxh1 15. Ba4+ Bc6 16. Bxc6+ Nxc6 17. dxc5 Qxc5 18. 0-0-0 0-0 19. Nf3 Rad8 20. Qe3 Rxd1+ 21. Nxd1 Qxe3+ 22. Nxe3 Rd8 23. a3 Nd4 24. Nxd4 Rxd4 25. b4 Rf4 26. c4 Rxf2 27. a4 Ra2 28. a5 Ra4 29. Nc2 Kf8 30. Kb2 e5 31. Kb3 Rxa5 32. bxa5 f5 33. c5 Ke8 34. Kc3 Kd7 35. Nb4 f4 36. Kd3 g5 37. Nxa6 Kc6 38. Nb8+ Kb7 39. Nd7 h5 40. Nxe5 g4 41. c6+ Kc7 42. a6 g3 43. hxg3 fxg3 44. a7 g2 45. Nf3 h4 46. a8Q h3 47. Qb7+ Kd6 48. Qd7+ Kc5 49. c7 h2 50. c8R+ Kb6 51. Qc7+ Ka6 52. Qc6+ Ka7 53. Qc7+ Ka6 54. Ra8+ Kb5 55. Qb7+ Kc5 56. Rc8+ Kd6 57. Qc7+ Ke6 58. Qxh2 Kf5 59. Qh5+ Kf4 60. Qg5+ Kxf3 61. Rf8# 1-0